[Event "Gibraltar Amateur op-A"]
[Site "Caleta"]
[Date "2017.01.26"]
[Round "4"]
[White "Guegan, Michel"]
[Black "Laszlo, Zoltan Imre"]
[Result "0-1"]
[WhiteElo "1738"]
[BlackElo "1894"]
[PlyCount "76"]
[EventDate "2017.01.23"]
[EventType "swiss"]
[EventRounds "5"]
[EventCountry "GGB"]
[SourceTitle "CBM 176 Extra"]
[Source "ChessBase"]
[SourceDate "2017.03.02"]
[SourceVersion "1"]
[SourceVersionDate "2017.03.02"]
[SourceQuality "1"]

1. d4 Nf6 2. Nf3 e6 3. e3 b6 4. Bd3 Bb7 5. Nbd2 d5 6. Ne5 Nbd7 7. f4 g6 8. Qf3 Bg7 9. 0-0 0-0 10. b3 c5 11. Ba3 Qc7 12. Rad1 Rfd8 13. Qe2 a6 14. Ndf3 b5 15. Ng5 c4 16. Bxg6 hxg6 17. Nexf7 Re8 18. Nd6 Reb8 19. Nxe6 Qa5 20. Bc5 Nxc5 21. Nxc5 Bc8 22. Nxc8 Rxc8 23. bxc4 bxc4 24. Qd2 Qa3 25. h3 Re8 26. c3 Bf8 27. f5 Bxc5 28. dxc5 Qxc5 29. Qd4 Qxd4 30. Rxd4 g5 31. Re1 Rab8 32. Re2 Re5 33. g4 Ne4 34. Rc2 a5 35. Kg2 a4 36. Kf3 a3 37. h4 Rb2 38. Rc1 Rf2# 0-1

[Event "Arad op"]
[Site "Arad"]
[Date "2012.07.29"]
[Round "3"]
[White "Uta, Adeline Ramona"]
[Black "Laszlo, Zoltan Imre"]
[Result "1-0"]
[WhiteElo "2051"]
[BlackElo "1872"]
[PlyCount "117"]
[EventDate "2012.07.27"]
[EventType "swiss"]
[EventRounds "9"]
[EventCountry "ROU"]
[SourceTitle "CBM 149 Extra"]
[Source "ChessBase"]
[SourceDate "2012.08.24"]
[SourceVersion "1"]
[SourceVersionDate "2012.08.24"]
[SourceQuality "1"]

1. e4 c5 2. d3 d6 3. g3 g6 4. Bg2 Bg7 5. f4 e6 6. Nf3 Ne7 7. 0-0 f5 8. a4 Nbc6 9. Nbd2 0-0 10. Re1 h6 11. Nc4 Qc7 12. c3 Bd7 13. e5 d5 14. Nd6 a6 15. Be3 b6 16. Rb1 Nc8 17. Nxc8 Rfxc8 18. Qd2 a5 19. h3 Ne7 20. Ra1 Kh7 21. Rec1 Nc6 22. Ne1 Qd8 23. Nc2 Bf8 24. g4 Be7 25. Kh2 Qc7 26. Qf2 Rg8 27. b4 axb4 28. cxb4 d4 29. Bxd4 Raf8 30. Bxc6 Bxc6 31. bxc5 bxc5 32. Bxc5 fxg4 33. Nb4 Ba8 34. Bd6 Qb7 35. Rc7 Rxf4 36. Rxe7+ Rg7 37. Rxb7 Rxf2+ 38. Kg1 Rg2+ 39. Kxg2 gxh3+ 40. Kxh3 Rxb7 41. a5 g5 42. a6 Rf7 43. Rc1 Kg6 44. Rc8 Rf3+ 45. Kh2 Rf2+ 46. Kg1 Rg2+ 47. Kf1 Bf3 48. a7 h5 49. a8Q Bxa8 50. Rxa8 Rb2 51. Ra2 Rb1+ 52. Kg2 h4 53. d4 g4 54. d5 exd5 55. Nxd5 Kh5 56. e6 h3+ 57. Kh2 Kh4 58. e7 Re1 59. Bg3+ 1-0